La implantación del culto imperial de la provincia en Hispania /

This study shows how the Imperial Cult was introducted and organised in provincial Hispania. The book also examines the collaboration with the Romanised native elites who came from Lusitania, Baetica, and Hispania Citerior.

محفوظ في:

المؤلف الرئيسي: González Herrero, Marta (مؤلف)

التنسيق: كتاب الكتروني

اللغة: Spanish

منشور في: Oxford : Archaeopress Publishing Ltd, 2015.

سلاسل: Archaeopress Roman archaeology ; 11.

الموضوعات:

الوصول للمادة أونلاين: Login to view Source

الوسوم: إضافة وسم

لا توجد وسوم, كن أول من يضع وسما على هذه التسجيلة!

رقم الطلب: BL813

LEADER 02014nam a2200457 i 4500
001 EDZ0001352735
003 StDuBDS
005 20230412181618.0
006 m|||||o||d||||||||
007 cr |||||||||||
008 151202s2015 enka fob 001|0|spa|d
020 |a 9781784911775 (PDF ebook) :  |c No price 
040 |a StDuBDS  |b eng  |c StDuBDS  |e rda  |e pn 
041 0 |a spa  |b eng 
050 4 |a BL813 
082 0 4 |a 292.0709366  |2 23 
100 1 |a González Herrero, Marta,  |e author. 
245 1 3 |a La implantación del culto imperial de la provincia en Hispania /  |c Marta González Herrero. 
264 1 |a Oxford :  |b Archaeopress Publishing Ltd,  |c 2015. 
300 |a 1 online resource (ix, 150 pages) :  |b illustrations (black and white). 
336 |a text  |2 rdacontent 
336 |a still image  |2 rdacontent 
337 |a computer  |2 rdamedia 
338 |a online resource  |2 rdacarrier 
490 1 |a Archaeopress Roman archaeology ;  |v 11 
500 |a Also issued in print: 2015. 
504 |a Includes bibliographical references and index. 
520 8 |a This study shows how the Imperial Cult was introducted and organised in provincial Hispania. The book also examines the collaboration with the Romanised native elites who came from Lusitania, Baetica, and Hispania Citerior. 
521 |a Specialized. 
546 |a Text in Spanish with English summaries. 
588 |a Description based on online resource; title from PDF title page (viewed on June 6, 2022). 
651 0 |a Rome  |x Religion. 
651 0 |a Iberian Peninsula  |x Religious life and customs  |x History. 
650 0 |a Emperor worship  |z Rome. 
650 0 |a Emperor worship  |z Iberian Peninsula  |x History. 
776 0 8 |i Print version :  |z 9781784911768 
830 0 |a Archaeopress Roman archaeology ;  |v 11. 
856 4 0 |3 Archaeopress  |u http://library.arce.org:8087/Archaeopress/Products/9781784911768 
942 |2 lcc  |c EBOOK 
952 |0 0  |1 0  |4 0  |6 BL0813  |7 1  |9 46084  |a ARCH  |b ARCH  |d 2023-04-12  |l 0  |o BL813  |r 2023-04-12 00:00:00  |w 2023-04-12  |y EBOOK 
999 |c 51742  |d 51742